00753nam a22002057a 450000500170000001000150001702000250003203500140005703700130007108200150008410000150009924500660011426000450018027000700022530000380029550000390033394200290037299900190040195201270042020171016111237.0 aENG-120996 a93501838476c1599.00 aEN-104528 bDBAD/PUB a307.760954 aJain, A.K. aRevisiting land acquisition and urban process /cby A.K.Jain  aNew DelhibReadworthy Publicationsc2014 aD-1, Mohan Garden, Near Abhinandan Party PlacebNew Delhie110059 axxi,388p. :c23cm(Hb)bill. (Map) aIncludes Bibliographical and Index 2ddccENh307.760954mJAI c146644d146644 001040708NFICaNRbNRd2017-10-16eDBAD/PUBg1599.00l0o307.760954 JAIpEN-104528r2017-10-16 00:00:00t1v1599.00yEN